|
|
|
|
| LEADER |
00000nam a22000007a 4500 |
| 008 |
240621b |||||||| |||| 00| 0 eng d |
| 020 |
|
|
|a 9780367343668
|
| 245 |
|
|
|a OUTREACH strategies and innovative teaching approaches for German programs
|c /edited by Mellissa Etzler and Gabrielle Maier
|g xii, 216p;ill
|
| 250 |
|
|
|c Etzler, Melissa
|
| 250 |
|
|
|c Maier, Gabriele
|
| 260 |
|
|
|b Routledge
|c 2021
|h London
|i 702473
|i 702474
|l PF3068.U6Ou8
|m German language-Study and teaching (Higher)
|
| 500 |
|
|
|a it includes bibliographical references and index
|
| 942 |
|
|
|a lcc
|c BK
|e Johnson
|f 21/06/24
|
| 952 |
|
|
|0 0
|1 0
|2 lcc
|4 0
|6 PF3068 U6 O U8
|7 0
|9 5325
|a ART
|b HOL
|c LP
|d 2024-06-21
|l 0
|o PF3068.U6Ou8
|p 2024-0567
|r 2024-06-21 00:00:00
|t 702473
|w 2024-06-21
|y BK
|
| 952 |
|
|
|0 0
|1 0
|2 lcc
|4 0
|6 PF3068 U6 O U8
|7 0
|9 5326
|a HOL
|b HOL
|c LP
|d 2024-06-21
|l 0
|o PF3068.U6Ou8
|p 2024-0568
|r 2024-06-21 00:00:00
|t 702474
|w 2024-06-21
|y BK
|
| 999 |
|
|
|c 2639
|d 2639
|